000
00271nam a2200121Ia 4500
008
190216s9999||||xx |||||||||||||| ||und||
100
_a
Shiva
245
0
_a
Social Science For X
260
_b
Shivadas & Sons
_c
2003
300
_a
196
650
_a
Economics
942
_c
REF
999
_c
36727
_d
36727